000
00238nam a22000977a 4500
999
_c
16131
_d
16131
003
OSt
008
191108b ||||| |||| 00| 0 eng d
100
_a
Dixit,C G.
_9
4561
245
_a
A textbook of Engineering workshop technology
942
_c
BK